Fuzzy and neural approaches in engineering /

Gespeichert in:
Bibliographische Detailangaben
Hauptverfasser: Tsoukalas, Lefteri H (Verfasst von), Uhring, Robert E (Verfasst von)
Format: Buch
Sprache:Englisch
Veröffentlicht: New York : John Wiley & Sons, 1997
Schlagworte:
Tags: Tag hinzufügen
Keine Tags, Fügen Sie das erste Tag hinzu!

MARC

LEADER 00000nam a22000003a 4500
001 stu10342
005 20190206124433.7
008 971210s1997----xxu-----------------eng-d
020 |a 0-471-16003-2 
040 |a STU  |b slo 
041 0 |a eng 
044 |a xxu 
080 |a 681.322.06 
080 |a 519.71  |7 stu_us_auth*stu8254 
084 |a C1160  |2 INS 
084 |a C1230  |2 INS 
084 |a C1230D  |2 INS 
084 |a C1340F  |2 INS 
084 |a C4210  |2 INS 
084 |a C6170  |2 INS 
100 1 |a Tsoukalas, Lefteri H  |4 aut 
245 1 |a Fuzzy and neural approaches in engineering /  |c [aut.] Tsoukalas,Lefteri H.; Uhring,Robert E 
260 |a New York :  |b John Wiley & Sons,  |c 1997 
300 |a 587 s 
650 7 |a fuzzy riadenie  |2 stusub 
650 7 |a umelá inteligencia  |2 stusub 
650 7 |a genetické algoritmy  |2 stusub 
650 7 |a expertné systémy  |2 stusub 
650 7 |a neurálne siete  |2 stusub 
650 7 |a fuzzy systémy  |2 stusub 
700 1 |a Uhring, Robert E  |4 aut 
996 |b E81753  |c E*81753  |l EELSDV  |s P  |a 0  |w stu10342_0001